[Event "Balears-ch Seniors 50+"]
[Site "Palma de Mallorca"]
[Date "2017.09.02"]
[Round "2"]
[White "Munar Mut, Antoni"]
[Black "Cubas Pons, Juan Miguel"]
[Result "1/2-1/2"]
[WhiteElo "1956"]
[BlackElo "2176"]
[PlyCount "121"]
[EventDate "2017.09.01"]
[EventType "swiss"]
[EventRounds "5"]
[EventCountry "ESP"]
[SourceTitle "CBM 180 Extra"]
[Source "ChessBase"]
[SourceDate "2017.10.06"]
[SourceVersion "1"]
[SourceVersionDate "2017.10.06"]
[SourceQuality "1"]

1. e4 e6 2. d4 d5 3. Nd2 Nc6 4. c3 e5 5. exd5 Qxd5 6. Qf3 Qxf3 7. Ngxf3 exd4 8.
cxd4 Nb4 9. Kd1 Bf5 10. Bb5+ c6 11. Re1+ Be7 12. Ba4 O-O-O 13. a3 Nd3 14. Re2
Nf4 15. Re5 Bg6 16. g3 Ne6 17. b4 Bf6 18. Bb2 Bxe5 19. dxe5 Nh6 20. h3 Nf5 21.
Ke1 Nfd4 22. Rc1 Kb8 23. Nxd4 Nxd4 24. f4 f6 25. Rc4 fxe5 26. fxe5 Nf5 27. g4
Ne3 28. Rd4 Rde8 29. Rd7 Ng2+ 30. Kf2 Nf4 31. Kg3 Nd3 32. Bc3 Nxe5 33. Rxg7
Rhf8 34. Bd1 Nd3 35. Nc4 Nf2 36. Bf3 Ne4+ 37. Bxe4 Rxe4 38. Be5+ Ka8 39. Bd6
Rd8 40. Ne5 a5 41. Nd7 axb4 42. axb4 Ka7 43. Bc7 Rxd7 44. Rxd7 Rxb4 45. h4 c5
46. h5 Bc2 47. g5 Ka6 48. g6 hxg6 49. hxg6 Rb1 50. g7 Rg1+ 51. Kf4 b5 52. Be5
b4 53. Rd8 Bb3 54. Rd3 c4 55. Rd6+ Kb5 56. Bd4 Rf1+ 57. Ke3 c3 58. Rb6+ Ka4 59.
Rc6 Re1+ 60. Kf4 c2 61. Rxc2 1/2-1/2

[Event "Balears-ch Seniors 50+"]
[Site "Palma de Mallorca"]
[Date "2017.09.02"]
[Round "3"]
[White "Cubas Pons, Juan Miguel"]
[Black "Oneto Zarco, Jose"]
[Result "1-0"]
[WhiteElo "2176"]
[BlackElo "1966"]
[PlyCount "86"]
[EventDate "2017.09.01"]
[EventType "swiss"]
[EventRounds "5"]
[EventCountry "ESP"]
[SourceTitle "CBM 180 Extra"]
[Source "ChessBase"]
[SourceDate "2017.10.06"]
[SourceVersion "1"]
[SourceVersionDate "2017.10.06"]
[SourceQuality "1"]

1. e4 c6 2. Nc3 d5 3. Nf3 dxe4 4. Nxe4 Nd7 5. Bc4 Ngf6 6. Neg5 e6 7. Qe2 Nb6 8.
Ne5 Qd4 9. c3 Qh4 10. d4 Nxc4 11. Nexf7 Rg8 12. Qxc4 h6 13. g3 Qh5 14. O-O hxg5
15. Nxg5 Qg4 16. Re1 Nd5 17. h3 Qf5 18. Re5 Qg6 19. Qe2 Bd6 20. Re4 Nc7 21. c4
Bd7 22. d5 e5 23. c5 Bxc5 24. Rxe5+ Kd8 25. dxc6 Qxc6 26. Bf4 Nd5 27. Rxd5 Qxd5
28. Rd1 Bd4 29. Be3 Re8 30. Nf3 Rc8 31. Rxd4 Qxa2 32. Qd2 Rc7 33. Bf4 Qb1+ 34.
Kh2 Qf5 35. Bxc7+ Kxc7 36. Qf4+ Kc8 37. Rb4 Qa5 38. Rc4+ Bc6 39. Nd4 Qd5 40.
Nxc6 bxc6 41. Rb4 Qe5 42. Kg2 Qxf4 43. Rxf4 Re7 1-0

[Event "Balears-ch Seniors 50+"]
[Site "Palma de Mallorca"]
[Date "2017.09.03"]
[Round "4"]
[White "Gaya Llodra, Juan"]
[Black "Cubas Pons, Juan Miguel"]
[Result "1/2-1/2"]
[WhiteElo "2211"]
[BlackElo "2176"]
[PlyCount "103"]
[EventDate "2017.09.01"]
[EventType "swiss"]
[EventRounds "5"]
[EventCountry "ESP"]
[SourceTitle "CBM 180 Extra"]
[Source "ChessBase"]
[SourceDate "2017.10.06"]
[SourceVersion "1"]
[SourceVersionDate "2017.10.06"]
[SourceQuality "1"]

1. d4 e6 2. g3 c5 3. Nf3 Nf6 4. Bg2 cxd4 5. O-O d5 6. Nxd4 e5 7. Nb3 Be6 8. Nc3
Be7 9. Bg5 Nbd7 10. f4 exf4 11. gxf4 Nb6 12. f5 Bd7 13. Bxf6 Bxf6 14. Nxd5 Nxd5
15. Qxd5 Qb6+ 16. Kh1 Bc6 17. Qc5 Bxg2+ 18. Kxg2 Bxb2 19. Rab1 Bf6 20. Rf3 Qxc5
21. Nxc5 b6 22. Re3+ Be7 23. Rb4 Rc8 24. Rbe4 O-O 25. Nd7 Bg5 26. Ra3 Rfd8 27.
Rxa7 Rxc2 28. Nxb6 h5 29. Nc4 Rd5 30. Ne5 Bf6 31. Nxf7 Rxf5 32. Nd6 Rg5+ 33.
Kf3 Rc3+ 34. Re3 Rc1 35. Re8+ Kh7 36. Ne4 Rf1+ 37. Ke3 Rg2 38. a4 Rxh2 39. a5
Rh3+ 40. Kd2 Ra3 41. Nxf6+ Rxf6 42. Ree7 Rg6 43. Re5 Rh6 44. Rg5 Rd6+ 45. Ke1
Ra1+ 46. Kf2 Rf6+ 47. Ke3 Kh6 48. Rgxg7 Ra3+ 49. Kd4 Re6 50. Rh7+ Kg5 51. Rag7+
Rg6 52. Re7 1/2-1/2

[Event "Balears-ch Seniors 50+"]
[Site "Palma de Mallorca"]
[Date "2017.09.03"]
[Round "5"]
[White "Cubas Pons, Juan Miguel"]
[Black "Serra Olives, Tomas"]
[Result "1-0"]
[WhiteElo "2176"]
[BlackElo "2142"]
[PlyCount "95"]
[EventDate "2017.09.01"]
[EventType "swiss"]
[EventRounds "5"]
[EventCountry "ESP"]
[SourceTitle "CBM 180 Extra"]
[Source "ChessBase"]
[SourceDate "2017.10.06"]
[SourceVersion "1"]
[SourceVersionDate "2017.10.06"]
[SourceQuality "1"]

1. e4 c5 2. Nf3 d6 3. d4 cxd4 4. Nxd4 Nf6 5. Nc3 a6 6. Be3 e6 7. f3 b5 8. Qd2
Bb7 9. O-O-O Nbd7 10. g4 Nb6 11. g5 Nfd7 12. b3 Be7 13. h4 Rc8 14. Bh3 Qc7 15.
Nce2 d5 16. Bxe6 fxe6 17. Nxe6 Qe5 18. N2d4 dxe4 19. Bf4 e3 20. Qh2 Qd5 21.
Nxg7+ Kf7 22. Ngf5 Ba3+ 23. Kb1 Rhe8 24. Nh6+ Kf8 25. Bxe3 Bd6 26. Bf4 Be5 27.
Ndf5 Bxf4 28. Qxf4 Qe5 29. Qg4 Nd5 30. Rde1 Nc3+ 31. Kc1 Ne2+ 32. Kb1 Nc3+ 33.
Kc1 Ne2+ 34. Kb1 Qc3 35. Nd4 Qxd4 36. Rxe2 Qxg4 37. Rxe8+ Kxe8 38. Re1+ Kd8 39.
fxg4 Rc5 40. h5 Kc7 41. Nf5 Ne5 42. h6 Nf3 43. Re8 Re5 44. Rf8 Be4 45. Rf7+ Kb6
46. Nd6 Bc6 47. b4 Rxg5 48. Nc8# 1-0

[Event "Caioba Telecom op"]
[Site "Caioba"]
[Date "2017.09.28"]
[Round "1"]
[White "Staron, Douglas Rentz"]
[Black "Cubas, Jose Fernando"]
[Result "0-1"]
[WhiteElo "1737"]
[BlackElo "2461"]
[PlyCount "72"]
[EventDate "2017.09.28"]
[EventType "swiss"]
[EventRounds "6"]
[EventCountry "BRA"]
[SourceTitle "EXT 2018"]
[Source "ChessBase"]
[SourceDate "2017.10.13"]
[SourceVersion "1"]
[SourceVersionDate "2017.10.13"]
[SourceQuality "1"]

1. c4 Nf6 2. d4 c5 3. d5 e6 4. Nc3 exd5 5. cxd5 g6 6. e4 d6 7. Be2 Bg7 8. Nf3
O-O 9. O-O Bg4 10. Re1 Re8 11. h3 Bxf3 12. Bxf3 Nbd7 13. Bg5 a6 14. a4 Ne5 15.
Qe2 Rb8 16. Rab1 h6 17. Bf4 Nfd7 18. Qe3 Nxf3+ 19. Qxf3 Ne5 20. Qe3 Kh7 21. Kh1
b5 22. axb5 axb5 23. Bxe5 Bxe5 24. f4 Bg7 25. Rbd1 b4 26. Na4 c4 27. b3 c3 28.
Re2 f5 29. Qd3 fxe4 30. Rxe4 Rxe4 31. Qxe4 Qe8 32. Qxe8 Rxe8 33. Nb6 Re4 34. g3
c2 35. Rc1 Re2 36. Nc4 Bc3 0-1

[Event "Caioba Telecom op"]
[Site "Caioba"]
[Date "2017.09.28"]
[Round "2"]
[White "Cubas, Jose Fernando"]
[Black "Da Silva, Daniel Leite"]
[Result "1-0"]
[WhiteElo "2461"]
[BlackElo "2033"]
[PlyCount "59"]
[EventDate "2017.09.28"]
[EventType "swiss"]
[EventRounds "6"]
[EventCountry "BRA"]
[SourceTitle "EXT 2018"]
[Source "ChessBase"]
[SourceDate "2017.10.13"]
[SourceVersion "1"]
[SourceVersionDate "2017.10.13"]
[SourceQuality "1"]

1. e4 c5 2. Nf3 e6 3. d4 cxd4 4. Nxd4 Nf6 5. Nc3 Bb4 6. e5 Nd5 7. Bd2 Nxc3 8.
bxc3 Be7 9. Qg4 O-O 10. Bh6 g6 11. h4 Qa5 12. Qg3 d6 13. Nb5 Nc6 14. exd6 Bf6
15. Bd2 a6 16. Nd4 Nxd4 17. cxd4 Qd5 18. Rd1 Bxd4 19. Be2 Bg7 20. Bc3 Qc6 21.
Bxg7 Kxg7 22. h5 Bd7 23. Qe3 f5 24. hxg6 hxg6 25. Qh6+ Kf6 26. Qh4+ Kg7 27.
Qh7+ Kf6 28. Qe7+ Ke5 29. f4+ Kxf4 30. Qh4+ 1-0

[Event "Caioba Telecom op"]
[Site "Caioba"]
[Date "2017.09.29"]
[Round "3"]
[White "Osipi, Jair"]
[Black "Cubas, Jose Fernando"]
[Result "0-1"]
[WhiteElo "2171"]
[BlackElo "2461"]
[PlyCount "83"]
[EventDate "2017.09.28"]
[EventType "swiss"]
[EventRounds "6"]
[EventCountry "BRA"]
[SourceTitle "EXT 2018"]
[Source "ChessBase"]
[SourceDate "2017.10.13"]
[SourceVersion "1"]
[SourceVersionDate "2017.10.13"]
[SourceQuality "1"]

1. d4 Nf6 2. Nf3 e6 3. g3 b5 4. Bg2 Bb7 5. O-O d5 6. b3 Nbd7 7. Nbd2 c5 8. c4
a6 9. Bb2 Be7 10. cxd5 Bxd5 11. e4 Nxe4 12. Nxe4 Bxe4 13. Re1 Bd5 14. dxc5 O-O
15. b4 a5 16. a3 Bf6 17. Qc2 Ra6 18. Bc3 Qa8 19. Qd3 Rd8 20. Qe3 h6 21. Red1
Rc8 22. Ne1 Bxg2 23. Nxg2 Bxc3 24. Qxc3 Nf6 25. Ne3 Ne4 26. Qb2 Ng5 27. h4 Nf3+
28. Kf1 Qe4 29. Qc2 Qb7 30. Qc3 Qe4 31. Qc2 Qa8 32. Qc3 Ra7 33. Nc2 Qe4 34. Ne1
Ne5 35. f3 Qf5 36. Kg2 Rca8 37. Qd4 Nc4 38. g4 Qg6 39. Kg3 h5 40. Rac1 axb4 41.
axb4 hxg4 42. Qxg4 0-1

[Event "Caioba Telecom op"]
[Site "Caioba"]
[Date "2017.09.29"]
[Round "4"]
[White "Cubas, Jose Fernando"]
[Black "Chemin, Vitorio"]
[Result "1-0"]
[WhiteElo "2461"]
[BlackElo "2142"]
[PlyCount "44"]
[EventDate "2017.09.28"]
[EventType "swiss"]
[EventRounds "6"]
[EventCountry "BRA"]
[SourceTitle "EXT 2018"]
[Source "ChessBase"]
[SourceDate "2017.10.13"]
[SourceVersion "1"]
[SourceVersionDate "2017.10.13"]
[SourceQuality "1"]

1. Nf3 d5 2. g3 Nf6 3. Bg2 c6 4. O-O Bf5 5. d3 e6 6. Nh4 Bg4 7. h3 Bh5 8. f4
Be7 9. Qe1 O-O 10. e4 Nfd7 11. Nf3 Bxf3 12. Bxf3 a5 13. Nc3 Na6 14. Kh1 Bc5 15.
Bd2 b5 16. g4 Be7 17. g5 Nac5 18. exd5 b4 19. dxc6 bxc3 20. Bxc3 Nb6 21. Qe5 f6
22. gxf6 Rxf6 1-0

[Event "ch-PAR 2019"]
[Site "Asuncion PAR"]
[Date "2019.11.24"]
[Round "7.3"]
[White "Vazquez, Guillermo"]
[Black "Cubas, Jo"]
[Result "1-0"]
[WhiteElo "2501"]
[BlackElo "2476"]
[PlyCount "61"]
[EventDate "2019.11.18"]
[EventType "tourn"]
[EventRounds "9"]
[EventCountry "PAR"]
[EventCategory "5"]
[SourceTitle "The Week in Chess 1308"]
[Source "Mark Crowther"]
[SourceDate "2019.12.02"]
[SourceVersion "1"]
[SourceVersionDate "2019.12.02"]
[SourceQuality "2"]

1. Nf3 Nf6 2. d4 g6 3. c4 Bg7 4. Nc3 d5 5. Bf4 O-O 6. e3 c5 7. dxc5 Qa5 8. Rc1
dxc4 9. Bxc4 Qxc5 10. Bb3 Nc6 11. O-O Qa5 12. h3 Bf5 13. Qe2 Ne4 14. Nxe4 Bxe4
15. Rfd1 Qh5 16. Bc2 Bxc2 17. Rxc2 Rfd8 18. b3 Rxd1+ 19. Qxd1 Rd8 20. Rd2 Qa5
21. Rd7 Bf8 22. h4 f6 23. e4 e5 24. Be3 Be7 25. Qd3 Rxd7 26. Qxd7 Qxa2 27. Nd2
Qc2 28. Qxb7 h5 29. Qd7 Kf7 30. Nc4 Qb1+ 31. Kh2 1-0

[Event "ch-PAR 2019"]
[Site "Asuncion PAR"]
[Date "2019.11.25"]
[Round "8.5"]
[White "Cubas, Jo"]
[Black "Bachmann, Ax"]
[Result "1/2-1/2"]
[WhiteElo "2476"]
[BlackElo "2611"]
[PlyCount "25"]
[EventDate "2019.11.18"]
[EventType "tourn"]
[EventRounds "9"]
[EventCountry "PAR"]
[EventCategory "5"]
[SourceTitle "The Week in Chess 1308"]
[Source "Mark Crowther"]
[SourceDate "2019.12.02"]
[SourceVersion "1"]
[SourceVersionDate "2019.12.02"]
[SourceQuality "2"]

1. e4 e5 2. Nf3 Nc6 3. d4 exd4 4. Nxd4 Nf6 5. Nc3 Bb4 6. Nxc6 bxc6 7. Bd3 d5 8.
exd5 cxd5 9. O-O O-O 10. Bg5 c6 11. Qf3 h6 12. Bxf6 Qxf6 13. Qxf6 1/2-1/2

[Event "World Senior 50+ 2019"]
[Site "Bucharest ROU"]
[Date "2019.11.19"]
[Round "7.32"]
[White "Pogosian, Vl"]
[Black "Cubas Pons, Ju"]
[Result "1-0"]
[WhiteElo "2017"]
[BlackElo "2203"]
[PlyCount "55"]
[EventDate "2019.11.12"]
[EventType "swiss"]
[EventRounds "11"]
[EventCountry "ROU"]
[SourceTitle "The Week in Chess 1307"]
[Source "Mark Crowther"]
[SourceDate "2019.11.25"]
[SourceVersion "1"]
[SourceVersionDate "2019.11.25"]
[SourceQuality "2"]

1. f4 d5 2. Nf3 Nf6 3. g3 c5 4. Bg2 Nc6 5. O-O g6 6. d3 Bg7 7. Nc3 d4 8. Ne4
Nxe4 9. dxe4 O-O 10. a3 c4 11. Kh1 Qb6 12. Rb1 Rd8 13. Qe1 Qb5 14. b3 cxb3 15.
cxb3 a5 16. h3 Be6 17. f5 Bxb3 18. fxg6 fxg6 19. Ng5 d3 20. exd3 Qxd3 21. Bf4
h6 22. Nf3 b5 23. Qc1 Bc2 24. Ne1 Qxf1+ 25. Bxf1 Bxe4+ 26. Bg2 Bxb1 27. Qxb1
Rac8 28. Qxg6 1-0

[Event "World Senior 50+ 2019"]
[Site "Bucharest ROU"]
[Date "2019.11.20"]
[Round "8.41"]
[White "Cubas Pons, Ju"]
[Black "Martinez Lopez, J."]
[Result "0-1"]
[WhiteElo "2203"]
[BlackElo "1985"]
[PlyCount "86"]
[EventDate "2019.11.12"]
[EventType "swiss"]
[EventRounds "11"]
[EventCountry "ROU"]
[SourceTitle "The Week in Chess 1307"]
[Source "Mark Crowther"]
[SourceDate "2019.11.25"]
[SourceVersion "1"]
[SourceVersionDate "2019.11.25"]
[SourceQuality "2"]

1. Nf3 g6 2. c4 d6 3. Nc3 Bg7 4. d4 c5 5. e3 Nc6 6. Be2 Bg4 7. d5 Na5 8. Qc2
Nf6 9. h3 Bxf3 10. Bxf3 O-O 11. b3 a6 12. Bb2 Rb8 13. Be2 Qd7 14. a4 e6 15.
dxe6 fxe6 16. O-O Qc7 17. Rfd1 Rbd8 18. Bf3 Qb6 19. Ra3 Rf7 20. Ne2 Ne8 21.
Bxg7 Nxg7 22. Nf4 Qb4 23. Rda1 Rxf4 24. exf4 Nf5 25. Qe4 Nd4 26. h4 Naxb3 27.
Rxb3 Qxb3 28. Rb1 Qxc4 29. Qxb7 Qxa4 30. Bg4 h5 31. Bd1 Qc6 32. Qe7 Qd7 33. Qg5
Rf8 34. Qxg6+ Qg7 35. Qxh5 Rxf4 36. Rb6 Rf5 37. Qe8+ Rf8 38. Qa4 Qe5 39. Qa5
Ne2+ 40. Kh1 Rxf2 41. Bxe2 Qxe2 42. Rb8+ Rf8 43. Rb3 Qd1+ 0-1

[Event "World Senior 50+ 2019"]
[Site "Bucharest ROU"]
[Date "2019.11.21"]
[Round "9.52"]
[White "Serafim Junior, Arnor"]
[Black "Cubas Pons, Ju"]
[Result "0-1"]
[WhiteElo "1826"]
[BlackElo "2203"]
[PlyCount "48"]
[EventDate "2019.11.12"]
[EventType "swiss"]
[EventRounds "11"]
[EventCountry "ROU"]
[SourceTitle "The Week in Chess 1307"]
[Source "Mark Crowther"]
[SourceDate "2019.11.25"]
[SourceVersion "1"]
[SourceVersionDate "2019.11.25"]
[SourceQuality "2"]

1. Nf3 d5 2. g3 Nf6 3. Bg2 Bg4 4. d3 Nbd7 5. O-O e6 6. Nbd2 Be7 7. Qe1 O-O 8.
e4 h6 9. exd5 exd5 10. Ne5 Nxe5 11. Qxe5 Bd6 12. Qc3 Re8 13. Nf3 Qd7 14. Bxh6
Bxf3 15. Bxf3 Qf5 16. Bf4 Bxf4 17. gxf4 Qxf4 18. d4 Ne4 19. Qe3 Qf5 20. Bg2 Re6
21. Qh3 Qf4 22. Bxe4 Qxe4 23. f3 Qxc2 24. Rf2 Rg6+ 0-1

[Event "ch-PAR 2019"]
[Site "Asuncion PAR"]
[Date "2019.11.18"]
[Round "1.2"]
[White "Cubas, Jo"]
[Black "Mayeregger, Arnold"]
[Result "1-0"]
[WhiteElo "2476"]
[BlackElo "2151"]
[PlyCount "83"]
[EventDate "2019.11.18"]
[EventType "tourn"]
[EventRounds "9"]
[EventCountry "PAR"]
[EventCategory "5"]
[SourceTitle "The Week in Chess 1307"]
[Source "Mark Crowther"]
[SourceDate "2019.11.25"]
[SourceVersion "1"]
[SourceVersionDate "2019.11.25"]
[SourceQuality "2"]

1. e4 e5 2. Nf3 Nc6 3. Bb5 a6 4. Ba4 Nf6 5. Bxc6 dxc6 6. d3 Bd6 7. Nbd2 Nd7 8.
b3 Qe7 9. Bb2 c5 10. Nc4 f6 11. Ne3 Nb8 12. Nh4 Nc6 13. O-O Be6 14. Nhf5 Qf7
15. f4 exf4 16. Nxd6+ cxd6 17. Rxf4 O-O 18. Qf3 b5 19. Rf1 Ne5 20. Qd1 Qb7 21.
R4f2 Rad8 22. h3 a5 23. Rd2 a4 24. Re1 axb3 25. axb3 d5 26. Bxe5 fxe5 27. exd5
Bxd5 28. Ng4 Qb6 29. Nxe5 c4+ 30. d4 cxb3 31. cxb3 Qe6 32. Re3 Qf5 33. Qe2 Rc8
34. Qe1 Qf4 35. Nd3 Qxd4 36. Ne5 Qc5 37. Nd7 Qc6 38. Nxf8 Rxf8 39. Red3 Be4 40.
Rd4 Bf5 41. Qe5 Re8 42. Qxf5 1-0

[Event "ch-PAR 2019"]
[Site "Asuncion PAR"]
[Date "2019.11.19"]
[Round "2.5"]
[White "Almiron, A."]
[Black "Cubas, Jo"]
[Result "1/2-1/2"]
[WhiteElo "2372"]
[BlackElo "2476"]
[PlyCount "97"]
[EventDate "2019.11.18"]
[EventType "tourn"]
[EventRounds "9"]
[EventCountry "PAR"]
[EventCategory "5"]
[SourceTitle "The Week in Chess 1307"]
[Source "Mark Crowther"]
[SourceDate "2019.11.25"]
[SourceVersion "1"]
[SourceVersionDate "2019.11.25"]
[SourceQuality "2"]

1. e4 c5 2. Nf3 d6 3. d4 cxd4 4. Nxd4 Nf6 5. Nc3 a6 6. Bc4 e6 7. Bb3 Nbd7 8.
O-O Nc5 9. Re1 Be7 10. Bg5 O-O 11. f4 Qb6 12. e5 Nxb3 13. axb3 dxe5 14. fxe5
Rd8 15. Be3 Nd5 16. Nxd5 Rxd5 17. Nf5 Qd8 18. Nxe7+ Qxe7 19. Bd4 Qh4 20. c3 Bd7
21. g3 Qd8 22. c4 Ra5 23. Rxa5 Qxa5 24. Bc3 Qc7 25. Qd4 Bc6 26. Rd1 Qe7 27. Qd6
Qg5 28. Qd2 h6 29. Qxg5 hxg5 30. Ba5 Kh7 31. Rd8 Rxd8 32. Bxd8 Kg6 33. g4 Bf3
34. h3 f5 35. exf6 gxf6 36. Kf2 Bd1 37. b4 Bb3 38. c5 Bc4 39. Bc7 f5 40. Be5
Bb3 41. Ke2 Bc4+ 42. Kf2 Bd5 43. Bd4 Bc6 44. Be5 Bd7 45. Ke3 Be8 46. Kf2 Bd7
47. Ke3 Be8 48. Kf2 Bd7 49. Ke3 1/2-1/2

[Event "ch-PAR 2019"]
[Site "Asuncion PAR"]
[Date "2019.11.20"]
[Round "3.1"]
[White "Cubas, Jo"]
[Black "Cantero, Rodolfo"]
[Result "1-0"]
[WhiteElo "2476"]
[BlackElo "2123"]
[PlyCount "92"]
[EventDate "2019.11.18"]
[EventType "tourn"]
[EventRounds "9"]
[EventCountry "PAR"]
[EventCategory "5"]
[SourceTitle "The Week in Chess 1307"]
[Source "Mark Crowther"]
[SourceDate "2019.11.25"]
[SourceVersion "1"]
[SourceVersionDate "2019.11.25"]
[SourceQuality "2"]

1. e4 e5 2. Nf3 Nc6 3. Bc4 Nf6 4. d3 Be7 5. O-O O-O 6. Re1 d6 7. a4 Na5 8. Ba2
c5 9. c3 Nc6 10. Na3 h6 11. Nc2 Be6 12. Ne3 Qd7 13. Nd5 Rae8 14. Bc4 a6 15. h3
Bd8 16. Nxf6+ Bxf6 17. Nh2 Qe7 18. Qh5 Bxc4 19. dxc4 Bg5 20. Bxg5 Qxg5 21. Qd1
Re6 22. Re3 Rg6 23. Rg3 Qf6 24. Rxg6 Qxg6 25. Qd3 Qe6 26. Nf1 Rd8 27. Ne3 Ne7
28. a5 Rd7 29. b4 cxb4 30. cxb4 Nc6 31. Nc2 Rc7 32. Rd1 Ne7 33. c5 Nc8 34. Ne3
g6 35. cxd6 Rd7 36. Nc4 f6 37. Kh2 Kg7 38. Qc2 Kf8 39. Rd5 Nxd6 40. Nb6 Rd8 41.
Qd2 Ke7 42. Qxh6 g5 43. Rc5 Nb5 44. Nd5+ Kd6 45. Qg7 Rb8 46. Nc7 Qe7 1-0

[Event "ch-PAR 2019"]
[Site "Asuncion PAR"]
[Date "2019.11.21"]
[Round "4.5"]
[White "Cubas, Jo"]
[Black "Franco Ocampos, Z."]
[Result "1/2-1/2"]
[WhiteElo "2476"]
[BlackElo "2458"]
[PlyCount "61"]
[EventDate "2019.11.18"]
[EventType "tourn"]
[EventRounds "9"]
[EventCountry "PAR"]
[EventCategory "5"]
[SourceTitle "The Week in Chess 1307"]
[Source "Mark Crowther"]
[SourceDate "2019.11.25"]
[SourceVersion "1"]
[SourceVersionDate "2019.11.25"]
[SourceQuality "2"]

1. e4 d6 2. d4 Nf6 3. Nc3 e5 4. Nf3 Nbd7 5. Bc4 Be7 6. O-O O-O 7. Re1 c6 8. a4
b6 9. Ba2 a6 10. Nh4 exd4 11. Qxd4 Nc5 12. Nf3 Be6 13. Bxe6 Nxe6 14. Qd3 b5 15.
axb5 axb5 16. Rxa8 Qxa8 17. Nh4 Rd8 18. Nf5 Bf8 19. b4 Kh8 20. h3 d5 21. exd5
Nxd5 22. Nxd5 Rxd5 23. Qe4 Bxb4 24. Nh6 Bxe1 25. Nxf7+ Kg8 26. Qxe6 Bxf2+ 27.
Kf1 Qf8 28. Nh6+ Kh8 29. Nf7+ Kg8 30. Nd8+ Kh8 31. Nf7+ 1/2-1/2

[Event "ch-PAR 2019"]
[Site "Asuncion PAR"]
[Date "2019.11.22"]
[Round "5.2"]
[White "Benitez Galeano, Alejandro"]
[Black "Cubas, Jo"]
[Result "1/2-1/2"]
[WhiteElo "2174"]
[BlackElo "2476"]
[PlyCount "59"]
[EventDate "2019.11.18"]
[EventType "tourn"]
[EventRounds "9"]
[EventCountry "PAR"]
[EventCategory "5"]
[SourceTitle "The Week in Chess 1307"]
[Source "Mark Crowther"]
[SourceDate "2019.11.25"]
[SourceVersion "1"]
[SourceVersionDate "2019.11.25"]
[SourceQuality "2"]

1. Nf3 Nf6 2. c4 g6 3. Nc3 Bg7 4. g3 O-O 5. Bg2 d6 6. O-O e5 7. d3 Nc6 8. Rb1
a5 9. a3 h6 10. b4 axb4 11. axb4 Be6 12. b5 Ne7 13. Nd2 Qc8 14. Bb2 Bh3 15. Ra1
Bxg2 16. Kxg2 Rb8 17. e4 c6 18. Ra7 Qe6 19. bxc6 bxc6 20. Ba3 Nd7 21. Qa4 Nc5
22. Bxc5 dxc5 23. Nb3 Qd6 24. Qa3 Nc8 25. Ra6 Qxd3 26. Nxc5 Qd2 27. Rd1 Qc2 28.
Rc1 Qd2 29. Rd1 Qc2 30. Rc1 1/2-1/2

[Event "ch-PAR 2019"]
[Site "Asuncion PAR"]
[Date "2019.11.23"]
[Round "6.4"]
[White "Cubas, Jo"]
[Black "Jodorcovsky, P."]
[Result "1/2-1/2"]
[WhiteElo "2476"]
[BlackElo "2188"]
[PlyCount "54"]
[EventDate "2019.11.18"]
[EventType "tourn"]
[EventRounds "9"]
[EventCountry "PAR"]
[EventCategory "5"]
[SourceTitle "The Week in Chess 1307"]
[Source "Mark Crowther"]
[SourceDate "2019.11.25"]
[SourceVersion "1"]
[SourceVersionDate "2019.11.25"]
[SourceQuality "2"]

1. e4 c5 2. Nf3 e6 3. c3 Nf6 4. Bd3 d5 5. e5 Nfd7 6. Bc2 c4 7. O-O Nc6 8. Re1
g5 9. d4 cxd3 10. Ba4 Be7 11. Nd4 Qc7 12. Qh5 Nc5 13. Bxc6+ bxc6 14. Bxg5 Rg8
15. Bxe7 Qxe7 16. b4 d2 17. Nxd2 Nd3 18. Re3 Rxg2+ 19. Kh1 Rg5 20. Qe2 Nf4 21.
Qf3 Ng6 22. Rae1 Bb7 23. Qh3 Nf4 24. Qh6 Ng2 25. N2b3 Nxe1 26. Rxe1 O-O-O 27.
Na5 Rdg8 1/2-1/2

[Event "World Senior 50+ 2019"]
[Site "Bucharest ROU"]
[Date "2019.11.12"]
[Round "1.42"]
[White "Verciuc, Nicolae"]
[Black "Cubas Pons, Ju"]
[Result "1-0"]
[WhiteElo "1878"]
[BlackElo "2203"]
[PlyCount "55"]
[EventDate "2019.11.12"]
[EventType "swiss"]
[EventRounds "11"]
[EventCountry "ROU"]
[SourceTitle "The Week in Chess 1306"]
[Source "Mark Crowther"]
[SourceDate "2019.11.18"]
[SourceVersion "1"]
[SourceVersionDate "2019.11.18"]
[SourceQuality "2"]

1. d4 e6 2. c4 f5 3. Nf3 Nf6 4. Nc3 Bb4 5. Bg5 h6 6. Bxf6 Bxc3+ 7. bxc3 Qxf6 8.
g3 b6 9. Bg2 Bb7 10. O-O O-O 11. Qa4 d6 12. c5 Bc6 13. Qb3 dxc5 14. Ne5 Bxg2
15. Kxg2 Rd8 16. f4 cxd4 17. cxd4 Rxd4 18. Rad1 Rxd1 19. Rxd1 Na6 20. Nd7 Qe7
21. Qb5 Rd8 22. Qxa6 Kh7 23. Qb5 c5 24. Qd3 Kh8 25. Qd6 Qe8 26. Qc7 Qe7 27. Rd3
c4 28. Qxc4 1-0

[Event "World Senior 50+ 2019"]
[Site "Bucharest ROU"]
[Date "2019.11.13"]
[Round "2.42"]
[White "Cubas Pons, Ju"]
[Black "Heid, Michael"]
[Result "1-0"]
[WhiteElo "2203"]
[BlackElo "1927"]
[PlyCount "85"]
[EventDate "2019.11.12"]
[EventType "swiss"]
[EventRounds "11"]
[EventCountry "ROU"]
[SourceTitle "The Week in Chess 1306"]
[Source "Mark Crowther"]
[SourceDate "2019.11.18"]
[SourceVersion "1"]
[SourceVersionDate "2019.11.18"]
[SourceQuality "2"]

1. d4 g6 2. c4 Bg7 3. Nf3 d6 4. Nc3 e5 5. g3 exd4 6. Nxd4 Nd7 7. Bg2 Ne7 8. O-O
O-O 9. Bg5 h6 10. Be3 a5 11. Qd2 Kh7 12. Rac1 Ne5 13. b3 Ng4 14. Bf4 Re8 15. h3
Ne5 16. Ndb5 Bd7 17. Rfd1 Bc6 18. e4 Rc8 19. c5 dxc5 20. Qe2 Nd7 21. Na7 Ra8
22. Ncb5 Nd5 23. Qf3 Nxf4 24. Qxf4 Re7 25. Nxc6 bxc6 26. Nc3 Be5 27. Qd2 Qh8
28. Ne2 a4 29. f4 Bd4+ 30. Nxd4 Qxd4+ 31. Qxd4 cxd4 32. Rxc6 axb3 33. axb3 Nf8
34. Rxd4 Ra1+ 35. Kh2 Rb1 36. Rd3 h5 37. h4 Ne6 38. e5 Rb2 39. Kg1 Re8 40. Rcc3
c5 41. Rd7 Nd4 42. Rxc5 Ne2+ 43. Kh2 1-0